| 000 | 00857nam a2200265 a 4500 | ||
|---|---|---|---|
| 001 | BRL_660 | ||
| 005 | 20190320210836.0 | ||
| 008 | 230913s1975----mx-#######---#000-0#spa-# | ||
| 041 | _aspa | ||
| 044 | _amx | ||
| 050 | 4 |
_aDG442 _b.G73 1975 |
|
| 100 | 1 |
_aGramsci, Antonio _d1891-1937 _924561 |
|
| 245 | 1 | 0 |
_aLos intelectuales y la organización de la cultura _cAntonio Gramsci ; traducción Raúl Sciarreta. |
| 260 |
_aMéxico _bJuan Pablos Editor _c1975 |
||
| 300 |
_a181 p. _c21 cm. |
||
| 440 | 0 |
_aCuadernos de la carcel _v2 _924562 |
|
| 500 | _aAu752 | ||
| 500 | _aTraducción de: Gli intellettuali e l´organizzazione della cultura | ||
| 650 | 1 | 4 |
_aFilosofía _914906 |
| 650 | 1 | 4 |
_aIntelectuales _xcorrientes sociales _924563 |
| 651 | 4 |
_aItalia _xVida intelectual _924564 |
|
| 700 | 1 |
_aSciarreta, Raúl _etr. _924565 |
|
| 902 | _aGRL | ||
| 942 |
_2lcc _cB |
||
| 999 |
_c9472 _d9472 |
||